[Event "EU-chT Seniors 50"]
[Site "Swidnica"]
[Date "2023.07.19"]
[Round "8.4"]
[White "Setikiene, Grazina"]
[Black "Rasalingam, Haran Tobias"]
[Result "1-0"]
[WhiteElo "1742"]
[BlackElo "1826"]
[PlyCount "105"]
[EventDate "2023.07.12"]
[EventType "team-tourn"]
[EventRounds "9"]
[EventCountry "POL"]
[SourceTitle "CBM 215 Extra"]
[Source "ChessBase"]
[SourceDate "2023.09.30"]
[SourceVersion "1"]
[SourceVersionDate "2023.09.30"]
[SourceQuality "1"]
[WhiteTeam "Lithuania (Women) 50"]
[BlackTeam "England 50 III"]
[WhiteTeamCountry "LTU"]
[BlackTeamCountry "ENG"]

1. d4 c5 2. c3 d5 3. Nf3 Nf6 4. Bg5 Ne4 5. Bf4 Nc6 6. e3 Qb6 7. Qc1 Bf5 8. Nbd2 h6 9. Be2 Rc8 10. 0-0 g5 11. Be5 f6 12. dxc5 Qxc5 13. Nd4 Bd7 14. Bh5+ Kd8 15. Nxe4 dxe4 16. Nxc6+ Rxc6 17. Bg3 e5 18. Rd1 Rd6 19. Qc2 Bf5 20. Qa4 b5 21. Qa5+ Kc8 22. Rxd6 Bxd6 23. Qa6+ Kc7 24. Rd1 Bc8 25. Qa5+ Kb7 26. Be2 a6 27. c4 b4 28. Qa4 Be6 29. Qc2 Qc6 30. b3 f5 31. Qd2 Bc7 32. Qxb4+ Kc8 33. f3 f4 34. Bf2 g4 35. fxg4 f3 36. Bf1 Bxg4 37. g3 h5 38. Rd5 Be6 39. Rd1 h4 40. c5 Bg4 41. Rd2 Qg6 42. Qc4 Rh6 43. c6 Qxc6 44. Qg8+ Kb7 45. Qxg4 hxg3 46. Bxg3 Rg6 47. Qd7 f2+ 48. Kg2 Qc3 49. Kxf2 Rf6+ 50. Ke2 Kb8 51. Bg2 Qb4 52. Rc2 Qa5 53. Qxc7+ 1-0

[Event "EU-chT Seniors 50"]
[Site "Swidnica"]
[Date "2023.07.18"]
[Round "7.3"]
[White "Zetocha, Claudiu"]
[Black "Setikiene, Grazina"]
[Result "1-0"]
[WhiteElo "2278"]
[BlackElo "1742"]
[PlyCount "61"]
[EventDate "2023.07.12"]
[EventType "team-tourn"]
[EventRounds "9"]
[EventCountry "POL"]
[SourceTitle "CBM 215 Extra"]
[Source "ChessBase"]
[SourceDate "2023.09.30"]
[SourceVersion "1"]
[SourceVersionDate "2023.09.30"]
[SourceQuality "1"]
[WhiteTeam "Slovakia 50"]
[BlackTeam "Lithuania (Women) 50"]
[WhiteTeamCountry "SVK"]
[BlackTeamCountry "LTU"]

1. Nf3 g6 2. e4 d6 3. d4 Bg7 4. Nc3 Nf6 5. Be3 Bg4 6. h3 Bxf3 7. Qxf3 c6 8. 0-0-0 Nbd7 9. e5 Ng8 10. exd6 e6 11. Ne4 Ndf6 12. Bg5 h6 13. Bh4 g5 14. Bg3 Nxe4 15. Qxe4 Nf6 16. Qf3 Nd5 17. Be5 0-0 18. c4 f6 19. Bh2 Nb6 20. h4 e5 21. Bd3 Qd7 22. hxg5 fxg5 23. Qe4 Qe6 24. Bxe5 Rf7 25. Qh7+ Kf8 26. Bxg7+ Rxg7 27. Qxh6 Qf7 28. Rh3 Qf4+ 29. Kb1 Qxd4 30. Rf3+ Kg8 31. Qe6+ 1-0

[Event "LTU-ch Rapid op"]
[Site "Taujenai"]
[Date "2019.10.19"]
[Round "2.10"]
[White "Setikiene, Grazina"]
[Black "Stremavicius, Pijus"]
[Result "0-1"]
[WhiteElo "1788"]
[BlackElo "2135"]
[PlyCount "88"]
[EventDate "2019.10.19"]
[EventType "swiss (rapid)"]
[EventRounds "11"]
[EventCountry "LTU"]
[SourceTitle "EXT 2023"]
[Source "ChessBase"]
[SourceDate "2022.10.05"]
[SourceVersion "1"]
[SourceVersionDate "2022.10.05"]
[SourceQuality "1"]

1. d4 d6 2. Nf3 g6 3. Bg5 Bg7 4. c3 Nd7 5. e4 c5 6. d5 Ngf6 7. Nbd2 0-0 8. Bd3 a6 9. a4 Rb8 10. 0-0 b5 11. axb5 axb5 12. c4 b4 13. Ra2 h6 14. Bxf6 Bxf6 15. Re1 Ne5 16. Nxe5 Bxe5 17. Nf3 Bg4 18. b3 Ra8 19. Rxa8 Qxa8 20. h3 Bxf3 21. Qxf3 Qa2 22. Bb1 Qb2 23. Qd3 Ra8 24. Qc2 Qa1 25. Rf1 Ra3 26. f4 Qd4+ 27. Kh1 Bf6 28. Rf3 Ra1 29. Kh2 Bg7 30. Qd3 Qb2 31. Rf1 Bc3 32. Rd1 Qxb3 33. Bc2 Rxd1 34. Qxd1 Qxc4 35. Qb1 Qd4 36. f5 Qe5+ 37. g3 c4 38. Qf1 b3 39. Bb1 Qd4 40. fxg6 Qd2+ 41. Kh1 fxg6 42. Qxc4 Qe1+ 43. Kg2 Qxb1 44. Qxc3 Qc2+ 0-1

[Event "Vilnius Zavanelli Memorial op-B"]
[Site "Vilnius"]
[Date "2018.10.28"]
[Round "7"]
[White "Setikiene, Grazina"]
[Black "Ketlerius, Arijus"]
[Result "1/2-1/2"]
[WhiteElo "1874"]
[BlackElo "1823"]
[PlyCount "92"]
[EventDate "2018.10.25"]
[EventType "swiss"]
[EventRounds "7"]
[EventCountry "LTU"]
[SourceTitle "EXT 2021"]
[Source "ChessBase"]
[SourceDate "2020.10.23"]
[SourceVersion "1"]
[SourceVersionDate "2020.10.23"]
[SourceQuality "1"]

1. d4 Nf6 2. Nf3 c5 3. c3 e6 4. Bg5 b6 5. e3 Bb7 6. Nbd2 Be7 7. Bd3 0-0 8. 0-0 d6 9. Rc1 Nbd7 10. e4 cxd4 11. cxd4 h6 12. Bh4 e5 13. Bxf6 Nxf6 14. d5 Rc8 15. Qe2 Rc7 16. Nb3 Nd7 17. Rxc7 Qxc7 18. Rc1 Nc5 19. Nxc5 bxc5 20. b4 Rc8 21. bxc5 dxc5 22. Qb2 Bd6 23. Nd2 Rb8 24. Rb1 Qd8 25. Qc2 Qe7 26. Nc4 Bc8 27. Rxb8 Bxb8 28. Na5 Bd6 29. Qb2 Qc7 30. Nc4 Ba6 31. Qc3 Bxc4 32. Bxc4 Qb6 33. Bb3 Kf8 34. Kf1 Ke7 35. f4 Qb4 36. Qxb4 cxb4 37. fxe5 Bxe5 38. g3 Kd6 39. Ke2 Kc5 40. Kd3 a5 41. d6 f6 42. d7 Bc7 43. h3 Bd8 44. Ba4 h5 45. g4 hxg4 46. hxg4 Be7 1/2-1/2

[Event "Vilnius Zavanelli Memorial op-B"]
[Site "Vilnius"]
[Date "2018.10.25"]
[Round "1"]
[White "Setikiene, Grazina"]
[Black "Barsciauskas, Gintautas"]
[Result "1/2-1/2"]
[WhiteElo "1874"]
[BlackElo "1591"]
[PlyCount "67"]
[EventDate "2018.10.25"]
[EventType "swiss"]
[EventRounds "7"]
[EventCountry "LTU"]
[SourceTitle "CBM 187 Extra"]
[Source "ChessBase"]
[SourceDate "2018.11.04"]
[SourceVersion "1"]
[SourceVersionDate "2018.11.04"]
[SourceQuality "1"]

1. d4 Nf6 2. Nf3 e6 3. Bg5 d5 4. Nbd2 c5 5. e3 Nc6 6. c3 Be7 7. Bd3 0-0 8. 0-0 h6 9. Bh4 b6 10. Rc1 Nh5 11. Bxe7 Nxe7 12. Ne5 g6 13. f4 Ng7 14. g4 h5 15. h3 f5 16. gxh5 Nxh5 17. Nxg6 Nxg6 18. Qxh5 Kg7 19. Nf3 Rh8 20. Qg5 Bd7 21. Kh2 Rh6 22. Rg1 Qf6 23. Ne5 Be8 24. Rg3 Qxg5 25. Rxg5 Kf6 26. Rcg1 c4 27. Be2 b5 28. a3 a5 29. Rh5 Rxh5 30. Bxh5 Nf8 31. Be2 b4 32. Rg8 Bf7 33. Rxf8 Rxf8 34. Nd7+ 1/2-1/2

[Event "LTU-chT"]
[Site "Lithuania"]
[Date "2016.04.03"]
[Round "7.5"]
[White "Setikiene, Grazina"]
[Black "Skietrys, Eugenijus"]
[Result "1-0"]
[WhiteElo "1900"]
[BlackElo "1422"]
[PlyCount "87"]
[EventDate "2016.01.23"]
[EventType "team-swiss"]
[EventRounds "7"]
[EventCountry "LTU"]
[SourceTitle "EXT 2017"]
[Source "ChessBase"]
[SourceDate "2016.10.25"]
[SourceVersion "1"]
[SourceVersionDate "2016.10.25"]
[SourceQuality "1"]
[WhiteTeam "Siauliai Drakonas"]
[BlackTeam "Kaunas TU"]
[WhiteTeamCountry "LTU"]
[BlackTeamCountry "LTU"]

1. d4 Nf6 2. Bg5 Ne4 3. Bh4 g5 4. Bg3 Nxg3 5. hxg3 Bg7 6. e3 c5 7. c3 cxd4 8. exd4 Qb6 9. Qb3 Qxb3 10. axb3 g4 11. Bd3 h5 12. Ne2 Bf6 13. Nf4 h4 14. gxh4 Rxh4 15. Rxh4 Bxh4 16. g3 Bg5 17. Bf5 b6 18. Bxg4 Bb7 19. Nd2 Bxf4 20. gxf4 Bd5 21. b4 Nc6 22. Nf1 Nd8 23. Ne3 Bb7 24. Kd2 a5 25. bxa5 Rxa5 26. Rxa5 bxa5 27. Nc4 a4 28. Nb6 Bc6 29. d5 Bb5 30. c4 Ba6 31. Bxd7+ Kf8 32. Bxa4 Nb7 33. Nd7+ Kg7 34. b3 Nd6 35. Ke3 Nxc4+ 36. bxc4 Bxc4 37. Kd4 Be2 38. Ke5 Bg4 39. f5 Kg8 40. f6 Bxd7 41. Bxd7 e6 42. dxe6 fxe6 43. Kxe6 Kf8 44. f7 1-0

[Event "LTU-chT"]
[Site "Lithuania"]
[Date "2016.02.06"]
[Round "4.4"]
[White "Setikiene, Grazina"]
[Black "Kalinauskas, Rolandas"]
[Result "1/2-1/2"]
[WhiteElo "1900"]
[BlackElo "1965"]
[PlyCount "83"]
[EventDate "2016.01.23"]
[EventType "team-swiss"]
[EventRounds "7"]
[EventCountry "LTU"]
[SourceTitle "CBM 170 Extra"]
[Source "ChessBase"]
[SourceDate "2016.02.25"]
[SourceVersion "1"]
[SourceVersionDate "2016.02.25"]
[SourceQuality "1"]
[WhiteTeam "Siauliai Drakonas"]
[BlackTeam "Marijampole Suduva"]
[WhiteTeamCountry "LTU"]
[BlackTeamCountry "LTU"]

1. d4 c5 2. c3 Nf6 3. Nf3 e6 4. Bg5 Be7 5. Nbd2 d5 6. e3 Nc6 7. Bb5 Qb6 8. Qb3 c4 9. Bxc6+ bxc6 10. Qc2 c5 11. 0-0 0-0 12. Ne5 Rb8 13. Rab1 h6 14. Bh4 Qc7 15. f4 cxd4 16. exd4 Bb7 17. Ndf3 Ne4 18. Bxe7 Qxe7 19. b4 cxb3 20. axb3 Rfc8 21. c4 dxc4 22. bxc4 Nf6 23. Qa2 Be4 24. Rxb8 Rxb8 25. Nd2 Qb7 26. Nxe4 Qxe4 27. Qf2 a5 28. h3 a4 29. Kh2 Rb1 30. Rxb1 Qxb1 31. Qf3 Qc1 32. Qa8+ Kh7 33. Qxa4 Qxf4+ 34. Kh1 Qf1+ 35. Kh2 Qf4+ 36. Kh1 Ne4 37. Qc2 Qf1+ 38. Kh2 Qf4+ 39. Kh1 f5 40. Nf3 Ng3+ 41. Kg1 Qe3+ 42. Kh2 1/2-1/2

[Event "WchT Seniors 50"]
[Site "Vilnius"]
[Date "2014.07.21"]
[Round "9.9"]
[White "Setikiene, Grazina"]
[Black "White, Alastair F"]
[Result "1/2-1/2"]
[WhiteElo "1838"]
[BlackElo "2033"]
[PlyCount "59"]
[EventDate "2014.07.13"]
[EventType "team-swiss"]
[EventRounds "9"]
[EventCountry "LTU"]
[SourceTitle "CBM 161 Extra"]
[Source "ChessBase"]
[SourceDate "2014.08.29"]
[SourceVersion "1"]
[SourceVersionDate "2014.08.29"]
[SourceQuality "1"]
[WhiteTeam "Lithuania (W)"]
[BlackTeam "Scotland"]
[WhiteTeamCountry "LTU"]
[BlackTeamCountry "SCO"]

1. d4 d6 2. Nf3 Bg4 3. Bg5 c6 4. c3 h6 5. Bh4 Qb6 6. Qb3 Nd7 7. Nbd2 g5 8. Bg3 Bg7 9. e3 Be6 10. Qc2 Ngf6 11. Bd3 Nh5 12. b3 Ndf6 13. e4 Nxg3 14. hxg3 d5 15. e5 Nd7 16. Bf5 c5 17. Bxe6 Qxe6 18. 0-0 Rc8 19. Qd3 0-0 20. Rfe1 Rfd8 21. Rad1 Nf8 22. Qb5 Qb6 23. Qxb6 axb6 24. a4 Ne6 25. g4 Nf4 26. g3 Ng6 27. Rc1 Rc6 28. b4 cxb4 29. cxb4 Rdc8 30. Nb3 1/2-1/2

[Event "LTU-chT 1011"]
[Site "Lithuania"]
[Date "2011.02.27"]
[Round "9"]
[White "Zalimaite, Ieva"]
[Black "Setikiene, Grazina"]
[Result "1-0"]
[WhiteElo "1921"]
[BlackElo "1956"]
[PlyCount "93"]
[EventDate "2010.11.06"]
[EventType "team-tourn"]
[EventRounds "9"]
[EventCountry "LTU"]
[SourceTitle "EXT 2012"]
[Source "ChessBase"]
[SourceDate "2011.11.24"]
[SourceVersion "1"]
[SourceVersionDate "2011.11.24"]
[SourceQuality "1"]

1. c4 g6 2. g3 Bg7 3. Bg2 Nf6 4. Nc3 c6 5. d3 0-0 6. e4 d6 7. h3 Nbd7 8. Be3 Qc7 9. Qd2 b6 10. Bh6 Bb7 11. Bxg7 Kxg7 12. Nge2 e5 13. 0-0 Ng8 14. f4 f6 15. b4 Ne7 16. Rac1 a5 17. b5 c5 18. a4 h6 19. Nd5 Qd8 20. Ne3 Ng8 21. h4 Re8 22. h5 Nf8 23. hxg6 Nxg6 24. Nf5+ Kh7 25. Kf2 N6e7 26. Nxe7 Rxe7 27. Rh1 Kg7 28. Rh4 Kf8 29. Rch1 Rg7 30. Bh3 Bc8 31. Bxc8 Rxc8 32. Nc3 Rcc7 33. Nd5 Rcf7 34. Ne3 exf4 35. gxf4 Rg6 36. Nf5 Rh7 37. Qe2 Ne7 38. Rxh6 Rhxh6 39. Rxh6 Rxh6 40. Nxh6 Kg7 41. Qh5 Qf8 42. f5 Qh8 43. Qf7+ Kxh6 44. Qxe7 Kg5 45. Qxd6 Qh1 46. Qg3+ Kh5 47. Qg6+ 1-0

[Event "LTU-chT 1011"]
[Site "Lithuania"]
[Date "2010.12.05"]
[Round "3"]
[White "Zasytis, Zilvinas"]
[Black "Setikiene, Grazina"]
[Result "1/2-1/2"]
[WhiteElo "1771"]
[BlackElo "1956"]
[PlyCount "63"]
[EventDate "2010.11.06"]
[EventType "team-tourn"]
[EventRounds "9"]
[EventCountry "LTU"]
[SourceTitle "EXT 2012"]
[Source "ChessBase"]
[SourceDate "2011.11.24"]
[SourceVersion "1"]
[SourceVersionDate "2011.11.24"]
[SourceQuality "1"]

1. e4 g6 2. d4 Bg7 3. c3 d6 4. Be3 Nf6 5. Nd2 Nc6 6. h3 0-0 7. Ngf3 e6 8. Bd3 b6 9. Nh2 Bb7 10. Ng4 Nd7 11. Nf3 Qe7 12. 0-0 Kh8 13. Re1 Nd8 14. e5 dxe5 15. Ngxe5 Nxe5 16. dxe5 c5 17. Bf4 Nc6 18. Qe2 Qc7 19. Rad1 Rad8 20. Bb5 Ne7 21. Bg5 Rxd1 22. Rxd1 Rd8 23. Rd3 Rxd3 24. Qxd3 Nc6 25. Qd6 Qc8 26. Bf6 h6 27. Bxc6 Bxc6 28. Qe7 Kg8 29. Nh4 Qd7 30. Qxd7 Bxd7 31. Bxg7 Kxg7 32. Nf3 1/2-1/2